000 00215nam a22000857a 4500
008 170112b xxu||||| |||| 00| 0 eng d
100 _92360
_aShrimala.D.S.
245 _aLearnwell Science-4
260 _aNew Delhi
_bHFI
_c2011
999 _c5331
_d5331